Reto de 21 Días para ser Imparable : (Record no. 23405)

000 -CABECERA
fixed length control field 01132nam a22002297i 4500
003 - IDENTIFICADOR DEL NÚMERO DE CONTROL
control field AR-CdUCM
008 - DATOS DE LONGITUD FIJA--INFORMACIÓN GENERAL
fixed length control field 250910b20212021 pe||||| |||| 00| 0 eng d
040 ## - FUENTE DE LA CATALOGACIÓN
Agencia/entidad que catalogó originalmente la obra MUNICIPALIDAD PROVINCIAL DEL CUSCO
Entidad que transcribió la catalogación BIBLIOTECA MUNICIPAL DEL CUSCO
082 ## - NÚMERO DE LA CLASIFICACIÓN DECIMAL DEWEY
No. de Clasificación 158.1 / M865
Notacion interna M865
100 ## - ENTRADA PRINCIPAL--NOMBRE DE PERSONA
Nombre Personal Mormontoy, Cesar
245 ## - MENCIÓN DE TÍTULO
Título Reto de 21 Días para ser Imparable :
Resto del título Programación neurolingüística código clásico, código avanzado y nuevo código de PNL /
260 ## - PUBLICACIÓN, DISTRIBUCIÓN, ETC.
Lugar de publicación, distribución, etc. Lima :
Nombre de la editorial, distribuidor, etc. B Print SAC.
Fecha de publicación, distribución, etc. 2021
300 ## - DESCRIPCIÓN FÍSICA
Nº de Páginas Extensión 169 páginas. :
Dimensiones 20x15 cm.
505 ## - NOTA DE CONTENIDO CON FORMATO
Nota de contenido formateada Vamos por tus metas -- Encuentra tus coordenadas actuales -- Convertir tus temores en sueños -- Comunicación persuasiva -- La magia de la alineación física -- Entendiendo los valores del corazón -- Apreciando el amor en el mundo para ti -- De las limitaciones a los recursos -- Creando una mente avanzada -- Que vello es es vivir - si lo notas
650 ## - PUNTO DE ACCESO ADICIONAL DE MATERIA--TÉRMINO DE MATERIA
Descriptor Tus metas
9 (RLIN) 51566
650 ## - PUNTO DE ACCESO ADICIONAL DE MATERIA--TÉRMINO DE MATERIA
Descriptor Éxito Inevitable
9 (RLIN) 51567
650 ## - PUNTO DE ACCESO ADICIONAL DE MATERIA--TÉRMINO DE MATERIA
Descriptor Emociones maravillosas
9 (RLIN) 51568
650 ## - PUNTO DE ACCESO ADICIONAL DE MATERIA--TÉRMINO DE MATERIA
Descriptor Valores de l corazón
9 (RLIN) 51569
942 ## - ELEMENTOS DE PUNTO DE ACCESO ADICIONAL (KOHA)
Fuente de clasificación
Tipo de item Libros-BMC
945 ## - PROCESAMIENTO DE INFORMACIÓN LOCAL (OCLC)
Catalogador pbjr
AAAA-MM-DD - Fecha de ingreso o modificacion 10-09-2025
Holdings
Estado de retiro (separado) Fuente de clasificación o esquema de estanterías Estado dañado Ubicación Sala donde se ubica Nombre de la colección Fecha de adquisición o compra Fuente de adquisición Costo, precio normal en soles Signatura topográfica Código de Barras Última vez visto (Koha) Tipo de ítem (Koha)
No     Sala Humanidades Sala Humanidades Book Cart 2025-09-10 Donación 10.00 158.1 / M865 SH0000017018 2025-09-10 Libros-BMC

Powered by Koha